000 004400000a22001810004500
003 MACL
005 20160120115302.0
008 160120b xxu||||| |||| 00| 0 eng d
040 _aMACL
_cMACL
041 _aEnglish
082 _a150/CHR
100 _aSingh, Sanjay Kumar
_933479
245 _a3000 Psychology
260 _bChronicle Books
_c1992
_aNew Delhi
350 _a120
650 _aPsychology
_933480
942 _cBK
_k150/Sin
_2ddc
999 _c31401
_d31401